Những vấn đề cơ bản của luật thủy sản /

Sự cần thiết phải ban hành Luật Thủy sản; Quan điểm và tư tưởng chỉ đạo trong việc xây dựng Luật Thủy sản; Bố cục của Luật Thủy sản; Những nội dung cơ bản của Luật Thủy sản; Luật Thủy sản.

Đã lưu trong:
Sonraí Bibleagrafaíochta
Údar Corparáideach: Vụ Công tác lập pháp.
Formáid: Leabhar
Teanga:Vietnamese
Foilsithe: Hà Nội : Tư pháp, 2004.
Ábhair:
Clibeanna: Cuir Clib Leis
Gan Chlibeanna, Bí ar an gcéad duine leis an taifead seo a chlibeáil!
Thư viện lưu trữ: Mạng thư viện Đại học Đà Nẵng
LEADER 01384cam a2200361 a 4500
001 000044516
003 2916
005 20060427091514.0
008 010314b2004 vm 000 vie
020 |c 14000 
040 |a LRC  |c LRC  |d LRC 
041 0 |a vie 
082 1 4 |a 343.59707  |b VU 
110 2 |a Vụ Công tác lập pháp. 
245 1 6 |a Những vấn đề cơ bản của luật thủy sản /  |c Vụ Công tác lập pháp. 
260 |a Hà Nội :  |b Tư pháp,  |c 2004. 
300 |a 111 tr. ;  |c 20,5 cm. 
520 3 |a Sự cần thiết phải ban hành Luật Thủy sản; Quan điểm và tư tưởng chỉ đạo trong việc xây dựng Luật Thủy sản; Bố cục của Luật Thủy sản; Những nội dung cơ bản của Luật Thủy sản; Luật Thủy sản. 
630 0 4 |a Thủy sản. 
630 0 4 |a Luật pháp. 
650 0 4 |a Luật thủy sản. 
OWN |a DUT 
AVA |a UDN50  |b DUT  |c Book  |d 343.59707 VU  |e available  |t Error 5001 Not defined in file expand_doc_bib_avail.  |f 3  |g 0  |h N  |i 0  |j SH  |k 1 
999 |a From the UDN01 
AVA |a UDN50  |b DUT  |c Book  |d 343.59707 VU  |e available  |t Error 5001 Not defined in file expand_doc_bib_avail.  |f 3  |g 0  |h N  |i 0  |j SH  |k 1 
TYP |a Monograph 
TYP |a Printed language 
980 |a Mạng thư viện Đại học Đà Nẵng